Mechanical Measurements 6th ed (Record no. 564506)
[ view plain ]
| 000 -LEADER | |
|---|---|
| fixed length control field | 00356nam a2200121Ia 4500 |
| 008 - FIXED-LENGTH DATA ELEMENTS--GENERAL INFORMATION | |
| fixed length control field | 210430s9999 xx 000 0 und d |
| 082 ## - DEWEY DECIMAL CLASSIFICATION NUMBER | |
| Classification number | 681.2 B388 M |
| 100 ## - MAIN ENTRY--PERSONAL NAME | |
| Personal name | Thomas G Beckwith |
| 9 (RLIN) | 54052 |
| 245 ## - TITLE STATEMENT | |
| Title | Mechanical Measurements 6th ed |
| Statement of responsibility, etc. | Thomas G Beckwith |
| 260 ## - PUBLICATION, DISTRIBUTION, ETC. | |
| Place of publication, distribution, etc. | Upper Saddle River |
| Name of publisher, distributor, etc. | Pearson Prentice Hall |
| Date of publication, distribution, etc. | 2007 |
| 300 ## - PHYSICAL DESCRIPTION | |
| Extent | 768p. |
| 942 ## - ADDED ENTRY ELEMENTS (KOHA) | |
| Koha item type | Book |
| Source of classification or shelving scheme | |
| Withdrawn status | Lost status | Damaged status | Not for loan | Collection code | Permanent Location | Current Location | Shelving location | Date acquired | Total Checkouts | Full call number | Barcode | Date last seen | Price effective from | Koha item type |
|---|---|---|---|---|---|---|---|---|---|---|---|---|---|---|
| School of Chemical & Materials Engineering (SCME) | School of Chemical & Materials Engineering (SCME) | General Stacks | 07/11/6 | 681.2 B388 M | SCME-3723 | 04/30/2021 | 04/30/2021 | Book |
